Felavatták a kábelgyár új nagycsarnokát Dr. Horgos Gyula miniszter avató beszéde : az üzem tovább bővül

Elmentve itt :
Bibliográfiai részletek
Dokumentumtípus: Cikk
Megjelent: 1969-08-16
Sorozat:Délmagyarország 59 No. 189
Kulcsszavak:Kábelgyár, Kábelgyártás Szeged 1969
Online Access:http://dmarchiv.bibl.u-szeged.hu/67534
LEADER 00514nab a2200145 i 4500
001 delm67534
005 20180927153659.0
008 180927s1969 hu o 0|| hun d
040 |a SZTE Délmagyarország Archívum  |b hun 
041 |a hun 
245 0 0 |a Felavatták a kábelgyár új nagycsarnokát   |h [elektronikus dokumentum] :  |b Dr. Horgos Gyula miniszter avató beszéde : az üzem tovább bővül 
260 |c 1969-08-16 
300 |a 1 
490 0 |a Délmagyarország  |v 59 No. 189 
695 |a Kábelgyár, Kábelgyártás Szeged 1969